000 02929cam a22002174a 4500
005 20250605164222.0
008 250528s ||||||||||||||||||||||||d
035 _a20720
040 _aGR-AtMCL
_bgre
_dGR-AtMCL
_eAACR2
245 1 _aΔιοίκηση Προσωπικού Τουριστικών Επιχειρήσεων
260 _bInterbooks,
_c1996
300 _a272
505 0 _aΘεωρητική Προσέγγιση της Διοίκησης Προσωπικού Τουριστικών Επιχειρήσεων, Βασικές Έννοιες Σχετικά με τη Διοίκηση Προσωπικού Τουριστικών Επιχειρήσεων, Οργανωσιακές Σχέσεις, Η Υπηρεσία Προσωπικού στις Τουριστικές Επιχειρήσεις, Αξιολόγηση Εργου Προσωπικού Τουριστικών Επιχειρήσεων, Πηγές Ανεύρεσης Κατάλληλου Προσωπικού, Μέθοδοι και Διαδικασίες Επιλογής Προσωπικού Τουριστικών Επιχειρήσεων, Εγκατάσταση Νεοπροσληφθέντων, Εκπαίδευση Προσωπικού στις Τουριστικές Επιχειρήσεις, Η Δυναμική της Ιεραρχίας, Αξιολόγηση Θέσης Εργασίας στις Τουριστικές Επιχειρήσεις, Συστήματα Αμοιβών στις Τουριστικές Επιχειρήσεις, Παράρτημα.
520 _aΘεωρητική Προσέγγιση της Διοίκησης Προσωπικού Τουριστικών Επιχειρήσεων, Βασικές Έννοιες Σχετικά με τη Διοίκηση Προσωπικού Τουριστικών Επιχειρήσεων, Οργανωσιακές Σχέσεις, Η Υπηρεσία Προσωπικού στις Τουριστικές Επιχειρήσεις, Αξιολόγηση Εργου Προσωπικού Τουριστικών Επιχειρήσεων, Πηγές Ανεύρεσης Κατάλληλου Προσωπικού, Μέθοδοι και Διαδικασίες Επιλογής Προσωπικού Τουριστικών Επιχειρήσεων, Εγκατάσταση Νεοπροσληφθέντων, Εκπαίδευση Προσωπικού στις Τουριστικές Επιχειρήσεις, Η Δυναμική της Ιεραρχίας, Αξιολόγηση Θέσης Εργασίας στις Τουριστικές Επιχειρήσεις, Συστήματα Αμοιβών στις Τουριστικές Επιχειρήσεις, Παράρτημα.
700 1 _aΛαλούμης Δημήτρης Αθ
_96681
700 1 _aΝικητόπουλος Στάθης
_96210
700 1 _aΡούπας Βασίλης Χρ
_96682
942 _cBK
999 _c5805
_d5805